| 000 | 01056nam a2200217 i 4500 | ||
|---|---|---|---|
| 001 | 189575 | ||
| 003 | SpMaBN | ||
| 005 | 20250928114009.0 | ||
| 008 | 190620s1868 sp ef |||| | spa d | ||
| 100 | 1 |
_aSampayo, Pedro. _9167384 |
|
| 245 | 1 | 0 |
_aDescripción con planos de la cueva llamada de Atapuerca / _cpor... Pedro Sampayo y Mariano Zuaznavar ; ilustrada con vistas por Isidro Gil. |
| 260 |
_aBurgos : _bImp. de D. Timoteo Arnaiz, _c1868. |
||
| 300 |
_a19 p., 6 h. de lám., 2 h. pleg. de planos ; _c28 cm. |
||
| 530 | _aDisponible en formato digital. | ||
| 651 | 7 |
_aAtapuerca (Burgos, Yacimiento) _9167383 |
|
| 700 | 1 |
_aZuaznavar, Mariano, _d1841-1916 _9118383 |
|
| 700 | 1 |
_aGil y Gavilondo, Isidro, _d1843-1917 _956737 |
|
| 852 |
_aES-MaACL _jL-32448(11) _z- Enc. cart. _z. - Legado Federico de Botella y de Hornos _z- Enc. en un vol. facticio, con tít. en el lomo de: España, geología: memorias varias, 1 |
||
| 856 |
_uhttp://bdh-rd.bne.es/viewer.vm?id=0000076060&page=1 _zBiblioteca Digital Hispánica |
||
| 999 |
_c189575 _d189575 |
||